000
00298nam a22001217a 4500
008
230621b xxu||||| |||| 00| 0 eng d
082
_a
327.6
_b
USI 2001
245
_a
African Review of Foreign Policy
260
_a
Nairobi
_b
USIU
_c
2001
300
_a
64p
440
_n
2
_v
3
_x
15615308
942
_2
ddc
_c
BK
999
_c
1954
_d
1954